00696nam a2200241 a 4500001001300000003000900013005001700022008004100039020001000080082001300090100001700103245001900120260003400139300000800173500003500181505007400216650002400290700001700314902000800331942000700339952009300346999001500439nice12345678IN_TiNIC20260116011935.0050524s1926 laha grp 000 0 urd  ac10000a242bBUS aBushill, P N aDua Ki Haqiqat aLahorebBaptist Missionc1926 a84p aincludes index and biblioraphy2 areprinted from"the bulletin of the john Rylands Library 1927,V.2,No.1 aPrayer-Christianity1 aBushill, P N bSRS cBK 00104070aHMIbHMId2008-05-23g100.00l0o242 BUSp5077r2008-05-23w2026-01-16yARB c4988d4988